000 00418nam a2200157Ia 4500
008 210210b1983 xxu||||| |||| 00| 0 eng d
020 _a0 7069 2495 9
082 _a954.91 BHUP
100 _aBHUTTO (Benazir).
245 _aPakistan the gathering storm.
260 _aNew Delhi.
_bVikas Publishing House Pvt Ltd.,
_c1983
300 _avi,116
650 _aPakistan
690 _aAsian History
906 _aSG02657
999 _c113775
_d113775